¿Transformaciones en riesgo?: diálogo con Luiz Inácio Lula da Silva, José Pepe Mujica, Víctor Báez /
Guardado en:
| Hovedforfatter: | |
|---|---|
| Andre forfattere: | , , |
| Format: | Texto |
| Tags: |
Tilføj Tag
Ingen Tags, Vær først til at tagge denne postø!
|
MARC
| LEADER | 00000 a a2200000 04500 | ||
|---|---|---|---|
| 001 | 45735 | ||
| 003 | |||
| 040 | |||
| 100 | |a Caetano, Gerardo | ||
| 245 | |a ¿Transformaciones en riesgo?: |b diálogo con Luiz Inácio Lula da Silva, José Pepe Mujica, Víctor Báez / |c Gerardo Gaetano | ||
| 700 | |a Silva, Luiz Inácio Lula da | ||
| 700 | |a Mujica, José Pepe | ||
| 700 | |a Báez, Víctor | ||
| 773 | |g número245 ( , 2013), páginas 15-36 | ||
| 999 | |c 29133 |d 29133 | ||
